All Southampton Premier League Players Ever - Statistics

General Stats
  • This quiz has been taken 27 times
  • The average score is 295 of 673
Answer Stats
% Correct
2012/13 England James Ward-Prowse 15
100%
2013/14 England James Ward-Prowse 34
100%
2014/15 England James Ward-Prowse 25
100%
2015/16 England James Ward-Prowse 33
100%
2016/17 England James Ward-Prowse 30
100%
2017/18 England James Ward-Prowse 30
100%
2018/19 England James Ward-Prowse 26
100%
2019/20 England James Ward-Prowse 38
100%
2020/21 England James Ward-Prowse 38
100%
2021/22 England James Ward-Prowse 36
100%
2022/23 England James Ward-Prowse 38
100%
2012/13 England Luke Shaw 25
95%
2013/14 England Luke Shaw 35
95%
2015/16 Netherlands Virgil van Dijk 34
95%
2016/17 Netherlands Virgil van Dijk 21
95%
2017/18 Netherlands Virgil van Dijk 12
95%
2012/13 England Kelvin Davis 10
90%
2013/14 England Kelvin Davis 2
90%
2014/15 England Kelvin Davis 7
90%
2015/16 England Kelvin Davis 1
90%
2014/15 Senegal Sadio Mane 30
90%
2015/16 Senegal Sadio Mane 37
90%
2012/13 Northern Ireland Steven Davis 32
90%
2013/14 Northern Ireland Steven Davis 34
90%
2014/15 Northern Ireland Steven Davis 35
90%
2015/16 Northern Ireland Steven Davis 34
90%
2016/17 Northern Ireland Steven Davis 32
90%
2017/18 Northern Ireland Steven Davis 23
90%
2018/19 Northern Ireland Steven Davis 3
90%
2012/13 England Adam Lallana 30
85%
2013/14 England Adam Lallana 38
85%
2004/05 Trinidad & Tobago Kenwyne Jones 2
85%
1997/98 Wales Paul Jones 38
85%
1998/99 Wales Paul Jones 31
85%
1999/00 Wales Paul Jones 31
85%
2000/01 Wales Paul Jones 35
85%
2001/02 Wales Paul Jones 36
85%
2002/03 Wales Paul Jones 14
85%
2003/04 Wales Paul Jones 8
85%
2013/14 Kenya Victor Wanyama 23
85%
2014/15 Kenya Victor Wanyama 32
85%
2015/16 Kenya Victor Wanyama 30
85%
2019/20 Scotland Che Adams 30
80%
2020/21 Scotland Che Adams 36
80%
2021/22 Scotland Che Adams 30
80%
2022/23 Scotland Che Adams 28
80%
2014/15 Serbia Dusan Tadic 31
80%
2015/16 Serbia Dusan Tadic 34
80%
2016/17 Serbia Dusan Tadic 33
80%
2017/18 Serbia Dusan Tadic 36
80%
2014/15 England Fraser Forster 30
80%
2015/16 England Fraser Forster 18
80%
2016/17 England Fraser Forster 38
80%
2017/18 England Fraser Forster 20
80%
2018/19 England Fraser Forster 1
80%
2020/21 England Fraser Forster 8
80%
2021/22 England Fraser Forster 19
80%
2014/15 Italy Graziano Pelle 38
80%
2015/16 Italy Graziano Pelle 30
80%
2017/18 Poland Jan Bednarek 5
80%
2018/19 Poland Jan Bednarek 25
80%
2019/20 Poland Jan Bednarek 34
80%
2020/21 Poland Jan Bednarek 36
80%
2021/22 Poland Jan Bednarek 31
80%
2022/23 Poland Jan Bednarek 20
80%
2012/13 Portugal Jose Fonte 27
80%
2013/14 Portugal Jose Fonte 36
80%
2014/15 Portugal Jose Fonte 37
80%
2015/16 Portugal Jose Fonte 37
80%
2016/17 Portugal Jose Fonte 17
80%
2012/13 Japan Maya Yoshida 32
80%
2013/14 Japan Maya Yoshida 8
80%
2014/15 Japan Maya Yoshida 22
80%
2015/16 Japan Maya Yoshida 20
80%
2016/17 Japan Maya Yoshida 23
80%
2017/18 Japan Maya Yoshida 24
80%
2018/19 Japan Maya Yoshida 17
80%
2019/20 Japan Maya Yoshida 8
80%
1992/93 England Micky Adams 38
80%
1993/94 England Micky Adams 19
80%
2012/13 France Morgan Schneiderlin 36
80%
2013/14 France Morgan Schneiderlin 33
80%
2014/15 France Morgan Schneiderlin 26
80%
2016/17 Denmark Pierre-Emile Hojbjerg 22
80%
2017/18 Denmark Pierre-Emile Hojbjerg 23
80%
2018/19 Denmark Pierre-Emile Hojbjerg 31
80%
2019/20 Denmark Pierre-Emile Hojbjerg 33
80%
2021/22 England Adam Armstrong 23
75%
2022/23 England Adam Armstrong 30
75%
2017/18 England Alex McCarthy 18
75%
2018/19 England Alex McCarthy 25
75%
2019/20 England Alex McCarthy 28
75%
2020/21 England Alex McCarthy 30
75%
2021/22 England Alex McCarthy 17
75%
2022/23 England Alex McCarthy 6
75%
2014/15 England Jason McCarthy 1
75%
1997/98 England Kevin Davies 25
75%
1999/00 England Kevin Davies 23
75%
2000/01 England Kevin Davies 27
75%
2001/02 England Kevin Davies 23
75%
2002/03 England Kevin Davies 9
75%
1992/93 England Matt Le Tissier 40
75%
1993/94 England Matt Le Tissier 38
75%
1994/95 England Matt Le Tissier 41
75%
1995/96 England Matt Le Tissier 34
75%
1996/97 England Matt Le Tissier 31
75%
1997/98 England Matt Le Tissier 26
75%
1998/99 England Matt Le Tissier 30
75%
1999/00 England Matt Le Tissier 18
75%
2000/01 England Matt Le Tissier 8
75%
2001/02 England Matt Le Tissier 4
75%
2012/13 England Nathaniel Clyne 34
75%
2013/14 England Nathaniel Clyne 25
75%
2014/15 England Nathaniel Clyne 35
75%
2015/16 Spain Oriol Romeu 29
75%
2016/17 Spain Oriol Romeu 35
75%
2017/18 Spain Oriol Romeu 34
75%
2018/19 Spain Oriol Romeu 31
75%
2019/20 Spain Oriol Romeu 30
75%
2020/21 Spain Oriol Romeu 21
75%
2021/22 Spain Oriol Romeu 36
75%
2022/23 Spain Oriol Romeu 1
75%
2014/15 England Ryan Bertrand 34
75%
2015/16 England Ryan Bertrand 32
75%
2016/17 England Ryan Bertrand 28
75%
2017/18 England Ryan Bertrand 35
75%
2018/19 England Ryan Bertrand 24
75%
2019/20 England Ryan Bertrand 32
75%
2020/21 England Ryan Bertrand 29
75%
2014/15 Ireland Shane Long 32
75%
2015/16 Ireland Shane Long 28
75%
2016/17 Ireland Shane Long 32
75%
2017/18 Ireland Shane Long 30
75%
2018/19 Ireland Shane Long 26
75%
2019/20 Ireland Shane Long 26
75%
2020/21 Ireland Shane Long 11
75%
2021/22 Ireland Shane Long 13
75%
2018/19 Scotland Stuart Armstrong 29
75%
2019/20 Scotland Stuart Armstrong 30
75%
2020/21 Scotland Stuart Armstrong 33
75%
2021/22 Scotland Stuart Armstrong 25
75%
2022/23 Scotland Stuart Armstrong 32
75%
2020/21 England Theo Walcott 21
75%
2021/22 England Theo Walcott 9
75%
2022/23 England Theo Walcott 20
75%
2015/16 Portugal Cedric Soares 24
70%
2016/17 Portugal Cedric Soares 30
70%
2017/18 Portugal Cedric Soares 32
70%
2018/19 Portugal Cedric Soares 18
70%
2019/20 Portugal Cedric Soares 16
70%
2022/23 Ireland Gavin Bazunu 32
70%
2019/20 England Kyle Walker-Peters 10
70%
2020/21 England Kyle Walker-Peters 30
70%
2021/22 England Kyle Walker-Peters 32
70%
2022/23 England Kyle Walker-Peters 31
70%
2004/05 England Paul Smith 6
70%
2012/13 England Rickie Lambert 38
70%
2013/14 England Rickie Lambert 37
70%
2001/02 Sweden Anders Svensson 34
65%
2002/03 Sweden Anders Svensson 33
65%
2003/04 Sweden Anders Svensson 30
65%
2004/05 Sweden Anders Svensson 30
65%
2022/23 Germany Armel Bella-Kotchap 24
65%
2013/14 Croatia Dejan Lovren 31
65%
2012/13 Uruguay Gaston Ramirez 26
65%
2013/14 Uruguay Gaston Ramirez 18
65%
2014/15 Uruguay Gaston Ramirez 1
65%
2015/16 Uruguay Gaston Ramirez 3
65%
1998/99 England James Beattie 35
65%
1999/00 England James Beattie 18
65%
2000/01 England James Beattie 37
65%
2001/02 England James Beattie 28
65%
2002/03 England James Beattie 38
65%
2003/04 England James Beattie 37
65%
2004/05 England James Beattie 11
65%
2003/04 England Kevin Phillips 34
65%
2004/05 England Kevin Phillips 30
65%
1998/99 Latvia Marian Pahars 6
65%
1999/00 Latvia Marian Pahars 33
65%
2000/01 Latvia Marian Pahars 31
65%
2001/02 Latvia Marian Pahars 36
65%
2002/03 Latvia Marian Pahars 9
65%
2003/04 Latvia Marian Pahars 14
65%
2002/03 Sweden Michael Svensson 34
65%
2003/04 Sweden Michael Svensson 26
65%
2004/05 England Peter Crouch 27
65%
2012/13 Poland Artur Boruc 20
60%
2013/14 Poland Artur Boruc 29
60%
1996/97 Norway Claus Lundekvam 29
60%
1997/98 Norway Claus Lundekvam 31
60%
1998/99 Norway Claus Lundekvam 33
60%
1999/00 Norway Claus Lundekvam 27
60%
2000/01 Norway Claus Lundekvam 38
60%
2001/02 Norway Claus Lundekvam 34
60%
2002/03 Norway Claus Lundekvam 33
60%
2003/04 Norway Claus Lundekvam 31
60%
2004/05 Norway Claus Lundekvam 34
60%
2022/23 Croatia Duje Caleta-Car 13
60%
2018/19 Denmark Jannik Vestergaard 23
60%
2019/20 Denmark Jannik Vestergaard 19
60%
2020/21 Denmark Jannik Vestergaard 30
60%
2012/13 England Jay Rodriguez 35
60%
2013/14 England Jay Rodriguez 33
60%
2015/16 England Jay Rodriguez 12
60%
2016/17 England Jay Rodriguez 24
60%
1996/97 Northern Ireland Maik Taylor 18
60%
2016/17 England Nathan Redmond 37
60%
2017/18 England Nathan Redmond 31
60%
2018/19 England Nathan Redmond 38
60%
2019/20 England Nathan Redmond 32
60%
2020/21 England Nathan Redmond 29
60%
2021/22 England Nathan Redmond 27
60%
2022/23 England Nathan Redmond 1
60%
1996/97 Senegal Aly Dia 1
55%
1997/98 Wales Andy Williams 20
55%
1998/99 Wales Andy Williams 1
55%
2002/03 Finland Antti Niemi 25
55%
2003/04 Finland Antti Niemi 28
55%
2004/05 Finland Antti Niemi 28
55%
2016/17 England Jack Stephens 17
55%
2017/18 England Jack Stephens 22
55%
2018/19 England Jack Stephens 24
55%
2019/20 England Jack Stephens 28
55%
2020/21 England Jack Stephens 18
55%
2021/22 England Jack Stephens 11
55%
2022/23 England Jack Stephens 2
55%
2001/02 England Paul Williams 28
55%
2002/03 England Paul Williams 11
55%
2018/19 England Tyreke Johnson 1
55%
2021/22 Albania Armando Broja 32
50%
2013/14 England Calum Chambers 22
50%
2015/16 Curacao Cuco Martina 15
50%
2016/17 Curacao Cuco Martina 9
50%
2013/14 Italy Daniel Osvaldo 13
50%
2002/03 Gibraltar Danny Higginbotham 9
50%
2003/04 Gibraltar Danny Higginbotham 27
50%
2004/05 Gibraltar Danny Higginbotham 21
50%
1993/94 England David Hughes 2
50%
1994/95 England David Hughes 12
50%
1995/96 England David Hughes 11
50%
1996/97 England David Hughes 6
50%
1997/98 England David Hughes 13
50%
1998/99 England David Hughes 9
50%
1999/00 England Dean Richards 35
50%
2000/01 England Dean Richards 28
50%
2001/02 England Dean Richards 4
50%
1992/93 England Jason Dodd 30
50%
1993/94 England Jason Dodd 10
50%
1994/95 England Jason Dodd 26
50%
1995/96 England Jason Dodd 37
50%
1996/97 England Jason Dodd 23
50%
1997/98 England Jason Dodd 36
50%
1998/99 England Jason Dodd 28
50%
1999/00 England Jason Dodd 31
50%
2000/01 England Jason Dodd 31
50%
2001/02 England Jason Dodd 29
50%
2002/03 England Jason Dodd 15
50%
2003/04 England Jason Dodd 28
50%
2004/05 England Jason Dodd 5
50%
2016/17 Italy Manolo Gabbiadini 11
50%
2017/18 Italy Manolo Gabbiadini 28
50%
2018/19 Italy Manolo Gabbiadini 12
50%
2017/18 Gabon Mario Lemina 25
50%
2018/19 Gabon Mario Lemina 21
50%
1998/99 Wales Mark Hughes 32
50%
1999/00 Wales Mark Hughes 20
50%
2019/20 Mali Moussa Djenepo 18
50%
2020/21 Mali Moussa Djenepo 27
50%
2021/22 Mali Moussa Djenepo 12
50%
2022/23 Mali Moussa Djenepo 16
50%
2001/02 Ireland Rory Delap 28
50%
2002/03 Ireland Rory Delap 24
50%
2003/04 Ireland Rory Delap 27
50%
2004/05 Ireland Rory Delap 37
50%
2016/17 Morocco Sofiane Boufal 24
50%
2017/18 Morocco Sofiane Boufal 26
50%
2019/20 Morocco Sofiane Boufal 20
50%
2018/19 Tunisia Yan Valery 23
50%
2019/20 Tunisia Yan Valery 11
50%
2020/21 Tunisia Yan Valery 3
50%
2021/22 Tunisia Yan Valery 5
50%
2022/23 Tunisia Yan Valery 1
50%
2018/19 England Danny Ings 24
45%
2019/20 England Danny Ings 38
45%
2020/21 England Danny Ings 29
45%
1996/97 Norway Egil Ostenstad 30
45%
1997/98 Norway Egil Ostenstad 29
45%
1998/99 Norway Egil Ostenstad 34
45%
1999/00 Norway Egil Ostenstad 3
45%
2001/02 France Fabrice Fernandes 11
45%
2002/03 France Fabrice Fernandes 37
45%
2003/04 France Fabrice Fernandes 27
45%
2004/05 France Fabrice Fernandes 16
45%
1992/93 England Francis Benali 33
45%
1993/94 England Francis Benali 37
45%
1994/95 England Francis Benali 35
45%
1995/96 England Francis Benali 29
45%
1996/97 England Francis Benali 18
45%
1997/98 England Francis Benali 33
45%
1998/99 England Francis Benali 23
45%
1999/00 England Francis Benali 26
45%
2000/01 England Francis Benali 4
45%
2001/02 England Francis Benali 3
45%
2002/03 England Francis Benali 2
45%
2003/04 England Graeme Le Saux 19
45%
2004/05 England Graeme Le Saux 25
45%
2004/05 England Jamie Redknapp 16
45%
1999/00 Norway Jo Tessem 25
45%
2000/01 Norway Jo Tessem 33
45%
2001/02 Norway Jo Tessem 22
45%
2002/03 Norway Jo Tessem 27
45%
2003/04 Norway Jo Tessem 3
45%
2018/19 Norway Mohamed Elyounoussi 16
45%
2021/22 Norway Mohamed Elyounoussi 30
45%
2022/23 Norway Mohamed Elyounoussi 33
45%
2020/21 Ghana Mohammed Salisu 12
45%
2021/22 Ghana Mohammed Salisu 34
45%
2022/23 Ghana Mohammed Salisu 22
45%
2022/23 Belgium Romeo Lavia 29
45%
1992/93 England Tim Flowers 42
45%
1993/94 England Tim Flowers 12
45%
2020/21 Australia Caleb Watts 3
40%
2012/13 Scotland Danny Fox 20
40%
2013/14 Scotland Danny Fox 3
40%
1994/95 England Gordon Watson 12
40%
1995/96 England Gordon Watson 25
40%
1996/97 England Gordon Watson 14
40%
2012/13 Brazil Guly do Prado 18
40%
2013/14 Brazil Guly do Prado 9
40%
1998/99 Morocco Hassan Kachloul 22
40%
1999/00 Morocco Hassan Kachloul 32
40%
2000/01 Morocco Hassan Kachloul 32
40%
2021/22 Brazil Lyanco 15
40%
2022/23 Brazil Lyanco 21
40%
1995/96 England Mark Walters 5
40%
2001/02 Scotland Paul Telfer 28
40%
2002/03 Scotland Paul Telfer 33
40%
2003/04 Scotland Paul Telfer 37
40%
2004/05 Scotland Paul Telfer 30
40%
2014/15 Belgium Toby Alderweireld 26
40%
1998/99 England Wayne Bridge 23
40%
1999/00 England Wayne Bridge 19
40%
2000/01 England Wayne Bridge 38
40%
2001/02 England Wayne Bridge 38
40%
2002/03 England Wayne Bridge 34
40%
2001/02 Ecuador Agustin Delgado 1
35%
2002/03 Ecuador Agustin Delgado 6
35%
2003/04 Ecuador Agustin Delgado 4
35%
1998/99 England Chris Marsden 14
35%
1999/00 England Chris Marsden 21
35%
2000/01 England Chris Marsden 23
35%
2001/02 England Chris Marsden 28
35%
2002/03 England Chris Marsden 30
35%
2003/04 England Chris Marsden 13
35%
1993/94 England Dave Beasant 25
35%
1994/95 England Dave Beasant 13
35%
1995/96 England Dave Beasant 36
35%
1996/97 England Dave Beasant 14
35%
2012/13 England Frazer Richardson 5
35%
1998/99 England Garry Monk 4
35%
1999/00 England Garry Monk 2
35%
2000/01 England Garry Monk 2
35%
2001/02 England Garry Monk 2
35%
2002/03 England Garry Monk 1
35%
2013/14 England Harrison Reed 4
35%
2014/15 England Harrison Reed 9
35%
2015/16 England Harrison Reed 1
35%
2016/17 England Harrison Reed 3
35%
2012/13 England Jack Cork 28
35%
2013/14 England Jack Cork 28
35%
2014/15 England Jack Cork 12
35%
2022/23 Nigeria Joe Aribo 21
35%
2022/23 Ghana Kamaldeen Sulemana 18
35%
1997/98 England Kevin Richardson 28
35%
2004/05 Ireland Leon Best 3
35%
2017/18 Ireland Michael Obafemi 1
35%
2018/19 Ireland Michael Obafemi 6
35%
2019/20 Ireland Michael Obafemi 21
35%
2020/21 Ireland Michael Obafemi 4
35%
2019/20 England Nathan Tella 1
35%
2020/21 England Nathan Tella 18
35%
2021/22 England Nathan Tella 14
35%
1992/93 England Neil Maddison 37
35%
1993/94 England Neil Maddison 41
35%
1994/95 England Neil Maddison 35
35%
1995/96 England Neil Maddison 15
35%
1996/97 England Neil Maddison 18
35%
1997/98 England Neil Maddison 6
35%
2022/23 Nigeria Paul Onuachu 11
35%
2021/22 France Romain Perraud 20
35%
2022/23 France Romain Perraud 29
35%
2019/20 Ireland Will Smallbone 9
35%
2020/21 Ireland Will Smallbone 3
35%
2021/22 Ireland Will Smallbone 4
35%
2018/19 Scotland Angus Gunn 12
30%
2019/20 Scotland Angus Gunn 10
30%
2001/02 England Brett Ormerod 18
30%
2002/03 England Brett Ormerod 31
30%
2003/04 England Brett Ormerod 22
30%
2004/05 England Brett Ormerod 9
30%
1994/95 Zimbabwe Bruce Grobbelaar 30
30%
1995/96 Zimbabwe Bruce Grobbelaar 2
30%
1997/98 England Carlton Palmer 26
30%
1998/99 England Carlton Palmer 19
30%
2000/01 Romania Dan Petrescu 9
30%
2001/02 Romania Dan Petrescu 2
30%
1992/93 England David Lee 1
30%
2002/03 England David Prutton 12
30%
2003/04 England David Prutton 27
30%
2004/05 England David Prutton 23
30%
2012/13 Zambia Emmanuel Mayuka 11
30%
2014/15 Zambia Emmanuel Mayuka 5
30%
1996/97 Israel Eyal Berkovic 28
30%
2004/05 Senegal Henri Camara 13
30%
1992/93 Northern Ireland Iain Dowie 36
30%
1993/94 Northern Ireland Iain Dowie 39
30%
1994/95 Northern Ireland Iain Dowie 17
30%
1992/93 Ireland Jeff Kenna 29
30%
1993/94 Ireland Jeff Kenna 41
30%
1994/95 Ireland Jeff Kenna 28
30%
1993/94 Northern Ireland Jim Magilton 15
30%
1994/95 Northern Ireland Jim Magilton 42
30%
1995/96 Northern Ireland Jim Magilton 31
30%
1996/97 Northern Ireland Jim Magilton 37
30%
1997/98 Northern Ireland Jim Magilton 5
30%
2022/23 England Kamari Doyle 1
30%
1992/93 Netherlands Kenneth Monkou 33
30%
1993/94 Netherlands Kenneth Monkou 35
30%
1994/95 Netherlands Kenneth Monkou 31
30%
1995/96 Netherlands Kenneth Monkou 32
30%
1996/97 Netherlands Kenneth Monkou 13
30%
1997/98 Netherlands Kenneth Monkou 32
30%
1998/99 Netherlands Kenneth Monkou 22
30%
1999/00 Portugal Luis Boa Morte 14
30%
2012/13 Argentina Paulo Gazzaniga 9
30%
2013/14 Argentina Paulo Gazzaniga 8
30%
2014/15 Argentina Paulo Gazzaniga 2
30%
2015/16 Argentina Paulo Gazzaniga 2
30%
1992/93 England Richard Hall 28
30%
1993/94 England Richard Hall 4
30%
1994/95 England Richard Hall 37
30%
1995/96 England Richard Hall 30
30%
2013/14 England Sam Gallagher 18
30%
2018/19 England Sam Gallagher 4
30%
2015/16 Sierra Leone Steven Caulker 3
30%
2020/21 Japan Takumi Minamino 10
30%
2021/22 England Tino Livramento 28
30%
2022/23 England Tino Livramento 2
30%
1999/00 Norway Trond Egil Soltvedt 24
30%
2000/01 Norway Trond Egil Soltvedt 6
30%
2021/22 Argentina Willy Caballero 2
30%
2003/04 Northern Ireland Alan Blayney 2
25%
2004/05 Northern Ireland Alan Blayney 1
25%
2002/03 Russia Andrei Kanchelskis 1
25%
2012/13 England Billy Sharp 2
25%
2022/23 Argentina Carlos Alcaraz 18
25%
2002/03 Northern Ireland Chris Baird 3
25%
2003/04 Northern Ireland Chris Baird 4
25%
1997/98 England David Hirst 28
25%
1998/99 England David Hirst 2
25%
2004/05 Antigua & Barbuda Dexter Blackstock 9
25%
2003/04 England Fitz Hall 11
25%
2012/13 England Jason Puncheon 32
25%
2015/16 Netherlands Jordy Clasie 22
25%
2016/17 Netherlands Jordy Clasie 16
25%
2015/16 Netherlands Maarten Stekelenburg 17
25%
2000/01 England Mark Draper 22
25%
2001/02 England Mark Draper 2
25%
1994/95 England Matthew Robinson 1
25%
1995/96 England Matthew Robinson 5
25%
1996/97 England Matthew Robinson 7
25%
1997/98 England Matthew Robinson 1
25%
1994/95 England Matt Oakley 1
25%
1995/96 England Matt Oakley 10
25%
1996/97 England Matt Oakley 28
25%
1997/98 England Matt Oakley 33
25%
1998/99 England Matt Oakley 22
25%
1999/00 England Matt Oakley 31
25%
2000/01 England Matt Oakley 35
25%
2001/02 England Matt Oakley 27
25%
2002/03 England Matt Oakley 31
25%
2003/04 England Matt Oakley 7
25%
2004/05 England Matt Oakley 7
25%
2014/15 England Matt Targett 6
25%
2015/16 England Matt Targett 14
25%
2016/17 England Matt Targett 5
25%
2017/18 England Matt Targett 2
25%
2018/19 England Matt Targett 16
25%
1996/97 Ireland Mickey Evans 12
25%
1997/98 Ireland Mickey Evans 10
25%
2022/23 Croatia Mislav Orsic 1
25%
1994/95 England Neil Shipperley 19
25%
1995/96 England Neil Shipperley 37
25%
1996/97 England Neil Shipperley 10
25%
2004/05 Scotland Nigel Quashie 13
25%
1993/94 England Paul Allen 32
25%
1994/95 England Paul Allen 11
25%
1994/95 Scotland Paul McDonald 2
25%
1995/96 Scotland Paul McDonald 1
25%
2001/02 England Paul Murray 1
25%
1993/94 England Peter Reid 7
25%
1996/97 Australia Robbie Slater 30
25%
1997/98 Australia Robbie Slater 11
25%
2001/02 Australia Scott McDonald 2
25%
2012/13 Belgium Steve De Ridder 4
25%
1998/99 England Stuart Ripley 22
25%
1999/00 England Stuart Ripley 23
25%
2000/01 England Stuart Ripley 3
25%
2001/02 England Stuart Ripley 5
25%
1999/00 Morocco Tahar El-Khalej 11
25%
2000/01 Morocco Tahar El-Khalej 32
25%
2001/02 Morocco Tahar El-Khalej 14
25%
2002/03 Morocco Tahar El-Khalej 1
25%
1996/97 Netherlands Ulrich van Gobbel 25
25%
1997/98 Netherlands Ulrich van Gobbel 2
25%
2017/18 Netherlands Wesley Hoedt 28
25%
2018/19 Netherlands Wesley Hoedt 13
25%
2015/16 England Charlie Austin 7
20%
2016/17 England Charlie Austin 15
20%
2017/18 England Charlie Austin 24
20%
2018/19 England Charlie Austin 25
20%
2014/15 Netherlands Eljero Elia 16
20%
2014/15 Romania Florin Gardos 11
20%
1993/94 England Frankie Bennett 8
20%
1995/96 England Frankie Bennett 11
20%
1996/97 England Graham Potter 8
20%
2004/05 Belgium Jelle Van Damme 6
20%
1997/98 England John Beresford 10
20%
1998/99 England John Beresford 4
20%
1999/00 England John Beresford 3
20%
2012/13 Netherlands Jos Hooiveld 25
20%
2013/14 Netherlands Jos Hooiveld 3
20%
2016/17 England Josh Sims 7
20%
2017/18 England Josh Sims 6
20%
2018/19 England Josh Sims 7
20%
2015/16 Spain Juanmi 12
20%
1992/93 England Kevin Moore 18
20%
1993/94 England Kevin Moore 14
20%
1992/93 Wales Lee Powell 2
20%
1993/94 Wales Lee Powell 1
20%
2003/04 Scotland Neil McCann 18
20%
2004/05 Scotland Neil McCann 11
20%
1996/97 England Neil Moss 3
20%
1998/99 England Neil Moss 7
20%
1999/00 England Neil Moss 9
20%
2000/01 England Neil Moss 3
20%
2001/02 England Neil Moss 2
20%
2004/05 France Olivier Bernard 13
20%
2022/23 England Samuel Edozie 17
20%
2022/23 France Sekou Mara 22
20%
1993/94 England Simon Charlton 33
20%
1994/95 England Simon Charlton 25
20%
1995/96 England Simon Charlton 26
20%
1996/97 England Simon Charlton 27
20%
1997/98 England Simon Charlton 3
20%
2000/01 Germany Uwe Rosler 20
20%
2001/02 Germany Uwe Rosler 4
20%
1995/96 Wales Alan Neilson 18
15%
1996/97 Wales Alan Neilson 29
15%
1997/98 Wales Alan Neilson 8
15%
1995/96 England Barry Venison 22
15%
1996/97 England Barry Venison 2
15%
2012/13 Northern Ireland Ben Reeves 3
15%
2018/19 England Callum Slattery 3
15%
2004/05 England Calum Davenport 7
15%
1996/97 England Chris Woods 4
15%
1992/93 Scotland David Speedie 11
15%
2014/15 Serbia Filip Djuricic 9
15%
2017/18 Argentina Guido Carrillo 7
15%
2020/21 France Ibrahima Diallo 22
15%
2021/22 France Ibrahima Diallo 23
15%
2022/23 France Ibrahima Diallo 18
15%
2000/01 Latvia Imants Bleidelis 1
15%
2001/02 Latvia Imants Bleidelis 1
15%
2022/23 England James Bree 5
15%
1997/98 Wales Jason Bowen 3
15%
1992/93 England Kerry Dixon 9
15%
2019/20 Austria Kevin Danso 6
15%
2014/15 Wales Lloyd Isgrove 1
15%
2003/04 England Martin Cranie 1
15%
2004/05 England Martin Cranie 3
15%
2004/05 Sweden Mikael Nilsson 16
15%
1993/94 England Neil Heaney 2
15%
1994/95 England Neil Heaney 34
15%
1995/96 England Neil Heaney 17
15%
1996/97 England Neil Heaney 8
15%
1994/95 Denmark Ronnie Ekelund 17
15%
2016/17 England Sam McQueen 13
15%
2017/18 England Sam McQueen 7
15%
2022/23 England Samuel Amo-Ameyaw 1
15%
1998/99 Scotland Scott Marshall 2
15%
1998/99 England Shayne Bradley 3
15%
1999/00 England Shayne Bradley 1
15%
1992/93 England Steve Wood 4
15%
1993/94 England Steve Wood 27
15%
2003/04 Togo Yoann Folly 9
15%
2004/05 Togo Yoann Folly 3
15%
2022/23 England Ainsley Maitland-Niles 22
10%
2020/21 Switzerland Alexandre Jankewitz 2
10%
2004/05 Sweden Andreas Jakobsson 27
10%
2020/21 England Daniel N'Lundulu 13
10%
1999/00 Portugal Dani Rodrigues 2
10%
2003/04 England Darren Kenton 7
10%
2004/05 England Darren Kenton 9
10%
1998/99 England David Howells 9
10%
2022/23 England Dominic Ballard 2
10%
2014/15 England Dominic Gape 1
10%
1992/93 England Glenn Cockerill 23
10%
1993/94 England Glenn Cockerill 14
10%
2014/15 England Jake Hesketh 2
10%
2019/20 England Jake Vokins 1
10%
2020/21 England Jake Vokins 1
10%
2016/17 France Jeremy Pied 4
10%
2017/18 France Jeremy Pied 2
10%
2022/23 Spain Juan Larios 5
10%
2004/05 United States Kasey Keller 4
10%
2018/19 England Kayne Ramsey 1
10%
2020/21 England Kayne Ramsey 1
10%
1997/98 England Kevin Gibbens 2
10%
1998/99 England Kevin Gibbens 4
10%
2000/01 England Kevin Gibbens 3
10%
2003/04 France Leandre Griffit 5
10%
2004/05 France Leandre Griffit 2
10%
1999/00 Portugal Marco Almeida 1
10%
2016/17 Uruguay Martin Caceres 1
10%
1992/93 England Neal Bartlett 1
10%
1993/94 England Neal Bartlett 7
10%
1998/99 France Patrick Colleter 16
10%
1999/00 France Patrick Colleter 8
10%
2012/13 England Richard Chaplow 3
10%
1996/97 England Richard Dryden 29
10%
1997/98 England Richard Dryden 13
10%
1998/99 England Richard Dryden 4
10%
1999/00 England Richard Dryden 1
10%
1998/99 England Scott Hiley 29
10%
1999/00 England Scott Hiley 3
10%
2003/04 Scotland Stephen Crainey 5
10%
1996/97 England Steve Basham 6
10%
1997/98 England Steve Basham 9
10%
1998/99 England Steve Basham 4
10%
1997/98 Norway Stig Johansen 6
10%
1992/93 England Tommy Widdrington 12
10%
1993/94 England Tommy Widdrington 11
10%
1994/95 England Tommy Widdrington 28
10%
1995/96 England Tommy Widdrington 21
10%
2020/21 France Allan Tchaptchet 1
5%
1995/96 England Christer Warren 6
5%
1996/97 England Christer Warren 1
5%
1993/94 Scotland Colin Cramb 1
5%
1993/94 England Craig Maskell 10
5%
1994/95 England Craig Maskell 6
5%
1995/96 England Craig Maskell 1
5%
1992/93 Scotland Derek Allan 1
5%
1997/98 England Duncan Spedding 7
5%
1993/94 England Ian Andrews 5
5%
1997/98 England Lee Todd 10
5%
1992/93 England Matt Bound 3
5%
1993/94 England Matt Bound 1
5%
1992/93 England Nicky Banger 27
5%
1993/94 England Nicky Banger 14
5%
1994/95 England Nicky Banger 4
5%
1992/93 England Paul Moody 3
5%
1993/94 England Paul Moody 5
5%
1994/95 England Paul Tisdale 7
5%
1995/96 England Paul Tisdale 9
5%
1992/93 England Perry Groves 15
5%
1994/95 England Peter Whiston 1
5%
1997/98 England Phil Warner 1
5%
1998/99 England Phil Warner 5
5%
1996/97 England Russ Watkinson 2
5%
2014/15 England Ryan Seager 1
5%
1992/93 England Terry Hurlock 30
5%
1993/94 England Terry Hurlock 2
5%
No matching quizzes found
Score Distribution
Percent of People with Each Score
Percentile by Number Answered
Your Score History
You have not taken this quiz